000 00257nam a22001097a 4500
008 160512b xxu||||| |||| 00| 0 eng d
020 _a9786082290812
041 _aeng
080 _a612.39
245 _aUllinje e tryezes:
_cGardio Fernandez;
942 _2udc
_cBK
999 _c2115
_d2115